000 00644nam a22002057a 4500
942 _cBK
999 _c609
_d609
005 20250420134818.0
008 200812b ||||| |||| 00| 0 eng d
020 _a9781530281756
040 _cKCST
082 _a004.36
_bTa Di
100 _aTanenbaum, Andrew S
_9857
245 _aDistributed systems :
_bprinciples and paradigms /
_cAndrew S Tanenbaum; Maarten Van Steen
250 _a2nd edition
_b(adjusted for digital publishing)
260 _a[not identified]:
_bMaarten van Steen,
_c2016.
300 _a700 p.
650 _aDistributed systems (computing)
_95069
700 _aSteen, Maarten Van
_95070
942 _2ddc